How Mental Accounting, Loss Aversion and Cognitive Biases Explain Human Behaviour
Príspevky Richarda H. Thalera k ekonómii správania. Behaviorálna ekonomika a hypotéza životného cyklu správania. Skreslenie rozhodovania. Vedecký vplyv Richarda H. Thalera. Implementácia myšlienok Richarda H.Talera do verejnej politiky.
Na minha lista:
| Autor principal: | |
|---|---|
| Formato: | Capítulo de Livro |
| Idioma: | inglês |
| Assuntos: | |
| Tags: |
Sem tags, seja o primeiro a adicionar uma tag!
|
MARC
| LEADER | 00000naa a2200000 4500 | ||
|---|---|---|---|
| 001 | 0258039 | ||
| 005 | 20240502074104.2 | ||
| 041 | 0 | |a eng | |
| 044 | |a SK | ||
| 245 | 1 | 0 | |a How Mental Accounting, Loss Aversion and Cognitive Biases Explain Human Behaviour |c Martina Fehérová |
| 520 | |a Príspevky Richarda H. Thalera k ekonómii správania. Behaviorálna ekonomika a hypotéza životného cyklu správania. Skreslenie rozhodovania. Vedecký vplyv Richarda H. Thalera. Implementácia myšlienok Richarda H.Talera do verejnej politiky. | ||
| 610 | 2 | 0 | |a ekonómia behaviorálna |
| 610 | 2 | 0 | |a správanie sociálne |
| 610 | 2 | 0 | |a účtovníctvo |
| 610 | 2 | 0 | |a psychológia |
| 610 | 2 | 0 | |a politika verejná |
| 100 | 1 | |a Fehérová, Martina, 1992- | |